00373nam a22001577a 4500003000400000008004100004082001300045100001700058245003600075250000800111260003900119300000800158650002200166942001200188999001500200OSt201120b ||||| |||| 00| 0 eng d a339bAHM aAHUJA, H. L. aMacroeconomics: Theory & Policy a1st aNew DelhibS.Chand & Companyc2020 a936 aB.Sc Non Medical  2ddccBK c9275d9275